[Event "DEM U10/U10w 2015"]
[Site "Willingen GER"]
[Date "2015.05.25"]
[Round "4"]
[White "von Rosen, Jakob"]
[Black "Reichelt, Lena"]
[Result "1-0"]
[Termination "normal"]
[Board "24"]
[WhiteElo "1124"]
[BlackElo "1285"]
[PlyCount "99"]
[WhiteFideId "12982989"]
[BlackFideId "12981184"]
[EventCountry "GER"]
[EventRounds "11"]
[EventType "swiss"]
[EventDate "2015.05.23"]

1. c4 e6 2. g3 d5 3. cxd5 exd5 4. Bg2 Nf6 5. Nf3 Bd6 6. Nc3 c6 7. O-O O-O 8. d3
Re8 9. Rb1 Bf5 10. b4 Qe7 11. b5 c5 12. Rb2 Be5 13. d4 cxd4 14. Nxd4 Be6 15.
Bg5 Qc5 16. Nxe6 fxe6 17. Rc2 Bxc3 18. Qd3 Rc8 19. Rfc1 Nbd7 20. Rxc3 Qf8 21.
Bxf6 Nxf6 22. Bh3 Rxc3 23. Bxe6+ Kh8 24. Qxc3 Ne4 25. Qf3 Qxf3 26. exf3 Nf6 27.
Rd1 Rd8 28. g4 g5 29. h4 h6 30. h5 Rd6 31. Bf5 Kg7 32. Rc1 Ne8 33. Re1 Kf7 34.
Bg6+ Kf6 35. Rxe8 Re6 36. Rxe6+ Kxe6 37. Kf1 Ke5 38. Ke2 Kd4 39. a4 a5 40. bxa6
bxa6 41. Kd2 a5 42. Be8 Ke5 43. Bc6 Kd4 44. Ke2 Kc4 45. Ke3 d4+ 46. Ke4 Kc3 47.
Bb5 Kd2 48. Kxd4 Ke1 49. Ke3 Kd1 50. f4 1-0

[Event "DEM U10/U10w 2015"]
[Site "Willingen GER"]
[Date "2015.05.25"]
[Round "4"]
[White "Pietsch, Julius"]
[Black "Reuter, Max"]
[Result "1-0"]
[Termination "normal"]
[Board "26"]
[WhiteElo "1202"]
[BlackElo "1036"]
[PlyCount "53"]
[WhiteFideId "12985660"]
[BlackFideId "16263715"]
[EventCountry "GER"]
[EventRounds "11"]
[EventType "swiss"]
[EventDate "2015.05.23"]

1. e4 c5 2. Nf3 e6 3. d4 cxd4 4. Nxd4 a6 5. Nc3 Qc7 6. Be3 Bb4 7. Bd2 Nf6 8.
Bd3 b5 9. a3 Ba5 10. Qf3 Bb7 11. O-O e5 12. Nf5 g6 13. Nh6 Qd6 14. Ng4 Nxg4 15.
Qxg4 Nc6 16. b4 Bb6 17. Nd5 Ne7 18. Nxb6 Qxb6 19. Be3 Qe6 20. Qg5 f6 21. Qh6 d5
22. exd5 Qxd5 23. f3 Qe6 24. Qg7 O-O-O 25. Bc5 Rxd3 26. cxd3 Nf5 27. Qxh8+ 1-0

[Event "DEM U10/U10w 2015"]
[Site "Willingen GER"]
[Date "2015.05.25"]
[Round "4"]
[White "Bayer, Melissa"]
[Black "Schauties, Nico Antonio"]
[Result "1/2-1/2"]
[Termination "normal"]
[Board "27"]
[WhiteElo "1104"]
[BlackElo "1457"]
[PlyCount "124"]
[WhiteFideId "16206916"]
[BlackFideId "16206371"]
[EventCountry "GER"]
[EventRounds "11"]
[EventType "swiss"]
[EventDate "2015.05.23"]

1. e4 e6 2. d4 d5 3. exd5 exd5 4. Nf3 Bd6 5. Bd3 Nf6 6. O-O O-O 7. Bg5 Bg4 8.
Nbd2 Nbd7 9. c3 Re8 10. Qc2 h6 11. Bh4 c6 12. Rfe1 Qc7 13. Bg3 Bxg3 14. hxg3
Nb6 15. b3 Rac8 16. b4 Nbd7 17. a4 Nf8 18. c4 dxc4 19. Qxc4 Be6 20. Qc3 Nd5 21.
Qb2 Qd6 22. b5 Nd7 23. Rab1 cxb5 24. Qxb5 Nc3 25. Qb4 Qxb4 26. Rxb4 b6 27. Bc4
Bxc4 28. Rxe8+ Rxe8 29. Rxc4 Nd5 30. Kf1 Kf8 31. Ne1 N7f6 32. Nd3 Ng4 33. Rc6
Ke7 34. Rc1 Kd7 35. Re1 Rxe1+ 36. Kxe1 f6 37. Ke2 h5 38. Kf3 f5 39. Nb2 Ke6 40.
Nb3 g5 41. Ke2 Ngf6 42. f3 g4 43. Kf2 Nb4 44. Ke3 Nfd5+ 45. Kf2 Nc2 46. Nd1
Ndb4 47. Nc3 Kd6 48. Ke2 Nd5 49. Nb5+ Kd7 50. Nxa7 Nc7 51. Kd2 Nb4 52. Nb5 Nxb5
53. axb5 Kd6 54. Kc3 Nd5+ 55. Kd3 Nb4+ 56. Kc3 Nd5+ 57. Kd3 Nb4+ 58. Ke3 Nd5+
59. Kd3 Nb4+ 60. Ke3 Nd5+ 61. Kd3 Nb4+ 62. Ke3 Nd5+ 1/2-1/2

[Event "DEM U10/U10w 2015"]
[Site "Willingen GER"]
[Date "2015.05.25"]
[Round "4"]
[White "Röhr, Oliver"]
[Black "Wehrle, Maximilian"]
[Result "1-0"]
[Termination "normal"]
[Board "28"]
[WhiteElo "1453"]
[BlackElo "1108"]
[PlyCount "93"]
[WhiteFideId "12987697"]
[BlackFideId "65600347"]
[EventCountry "GER"]
[EventRounds "11"]
[EventType "swiss"]
[EventDate "2015.05.23"]

1. d4 d5 2. c4 Nf6 3. Nc3 e6 4. cxd5 exd5 5. Nf3 Bd6 6. Bg5 Nbd7 7. Nxd5 h6 8.
Bxf6 Nxf6 9. Nxf6+ Qxf6 10. a3 O-O 11. e3 Bd7 12. Be2 Rad8 13. O-O Qg6 14. Bd3
Qh5 15. Bc2 Bg4 16. Qd3 g6 17. h3 Bxf3 18. gxf3 Qxh3 19. f4 Qg4+ 20. Kh1 h5 21.
Qd1 Qh3+ 22. Kg1 Rde8 23. Bb3 Re4 24. Bd5 Ree8 25. Qf3 Qxf3 26. Bxf3 b6 27. f5
Rd8 28. fxg6 fxg6 29. Be4 g5 30. Kg2 Kg7 31. Rh1 Rh8 32. Rag1 g4 33. Kf1 Kf6
34. Ke2 Kg5 35. Rg2 Rde8 36. Bd3 Rc8 37. Rhg1 c5 38. dxc5 bxc5 39. f3 c4 40.
Bb1 c3 41. bxc3 Rc4 42. Kd3 Ra4 43. Bc2 Rxa3 44. fxg4 hxg4 45. Rxg4+ Kf5 46.
Rg6 Be7 47. Kd4# 1-0

[Event "DEM U10/U10w 2015"]
[Site "Willingen GER"]
[Date "2015.05.25"]
[Round "4"]
[White "Schröder, Lennart"]
[Black "Sklarski, Lior"]
[Result "1/2-1/2"]
[Termination "normal"]
[Board "29"]
[WhiteElo "1339"]
[BlackElo "1087"]
[PlyCount "104"]
[WhiteFideId "16222490"]
[BlackFideId "12987077"]
[EventCountry "GER"]
[EventRounds "11"]
[EventType "swiss"]
[EventDate "2015.05.23"]

1. d4 d5 2. c4 e6 3. Nc3 f5 4. Nf3 Nf6 5. Bg5 Be7 6. e3 c6 7. Bd3 O-O 8. O-O
Ne4 9. Bxe7 Qxe7 10. Ne5 Nd7 11. Nxd7 Bxd7 12. f3 Nxc3 13. bxc3 Rf6 14. Rb1 b6
15. Rf2 Rh6 16. Rfb2 Rf8 17. e4 fxe4 18. fxe4 Qg5 19. Qe2 Rhf6 20. Qe1 Rf3 21.
Rd2 R8f6 22. Kh1 Re3 23. Be2 Rxe4 24. Rd3 Re3 25. Qd2 Rg6 26. Rg1 Rxd3 27. Qxg5
Rxg5 28. Bxd3 c5 29. cxd5 exd5 30. dxc5 bxc5 31. Rb1 Re5 32. Bf1 Bf5 33. Rb8+
Kf7 34. Kg1 d4 35. cxd4 cxd4 36. Rb7+ Re7 37. Rxe7+ Kxe7 38. Kf2 Ke6 39. Ke2
Ke5 40. Kd2 Kf4 41. Be2 a5 42. a3 a4 43. Bb5 g5 44. Bxa4 h5 45. Bc6 h4 46. a4
Ke5 47. a5 Bc8 48. Kd3 Ba6+ 49. Kd2 Kd6 50. Be4 Kc5 51. Bd3 Bb7 52. g3 Kb4
1/2-1/2

[Event "DEM U10/U10w 2015"]
[Site "Willingen GER"]
[Date "2015.05.25"]
[Round "4"]
[White "Pachmann, Johannes"]
[Black "Volk, Oskar"]
[Result "1/2-1/2"]
[Termination "normal"]
[Board "30"]
[WhiteElo "1308"]
[BlackElo "1078"]
[PlyCount "87"]
[WhiteFideId "16250451"]
[BlackFideId "16242645"]
[EventCountry "GER"]
[EventRounds "11"]
[EventType "swiss"]
[EventDate "2015.05.23"]

1. e4 d6 2. d4 c6 3. Bd3 Nd7 4. Nf3 e5 5. dxe5 dxe5 6. Nc3 Ngf6 7. O-O Be7 8.
Re1 O-O 9. Bg5 Qc7 10. Qd2 h6 11. Bh4 b6 12. a3 Bb7 13. Rad1 Rad8 14. Qe2 Nc5
15. Bc4 Bc8 16. Rxd8 Rxd8 17. Rd1 Rxd1+ 18. Qxd1 Nfxe4 19. Nxe4 Nxe4 20. Bxe7
Qxe7 21. Qe1 Ng5 22. Nxe5 b5 23. Bb3 Kh7 24. h4 f6 25. hxg5 Qxe5 26. Qxe5 fxe5
27. gxh6 Kxh6 28. f3 Kg5 29. g3 Kf5 30. c3 g5 31. Bc2+ Kf6 32. Kf2 Bf5 33. Bxf5
Kxf5 34. Ke3 c5 35. b3 c4 36. bxc4 bxc4 37. a4 a5 38. g4+ Kf6 39. Ke4 Ke6 40.
Ke3 Kd5 41. Ke2 e4 42. Ke3 exf3 43. Kxf3 Ke5 44. Ke3 1/2-1/2

[Event "DEM U10/U10w 2015"]
[Site "Willingen GER"]
[Date "2015.05.25"]
[Round "4"]
[White "Bashylina, Luisa"]
[Black "Schneider, Anna"]
[Result "0-1"]
[Termination "normal"]
[Board "31"]
[WhiteElo "1223"]
[BlackElo "1060"]
[PlyCount "98"]
[WhiteFideId "12983292"]
[BlackFideId "16200527"]
[EventCountry "GER"]
[EventRounds "11"]
[EventType "swiss"]
[EventDate "2015.05.23"]

1. e4 e5 2. Nf3 Nc6 3. d4 exd4 4. Nxd4 Bc5 5. Be3 Qf6 6. c3 Qg6 7. Qd2 Qxe4 8.
f3 Qh4+ 9. Bf2 Qe7+ 10. Be2 Nf6 11. O-O O-O 12. Re1 d5 13. Bb5 Qd6 14. Bxc6
bxc6 15. Qd3 Bd7 16. Nd2 Rfe8 17. N2b3 Bb6 18. Kh1 a5 19. Bg3 Qf8 20. a4 c5 21.
Nf5 c4 22. Qd2 Bxf5 23. Nd4 Bxd4 24. Qxd4 c5 25. Qf4 Bd7 26. Qc7 Rec8 27. Qe5
Qe8 28. Qg5 Qd8 29. Rad1 Bc6 30. Re5 h6 31. Qd2 Ra7 32. Bh4 g5 33. Bg3 Qd7 34.
f4 Ne4 35. Qe3 Qg4 36. Qe1 gxf4 37. Bf2 f3 38. g3 Re8 39. Rxe8+ Bxe8 40. Qf1
Nxf2+ 41. Qxf2 Bc6 42. Re1 Ra8 43. Kg1 Bxa4 44. Qxc5 Re8 45. Rxe8+ Bxe8 46.
Qxa5 Qh3 47. Kf2 Qg2+ 48. Ke3 Qe2+ 49. Kd4 f2 0-1

[Event "DEM U10/U10w 2015"]
[Site "Willingen GER"]
[Date "2015.05.25"]
[Round "4"]
[White "Kurzweil, Nalani"]
[Black "Peglau, Mirjam"]
[Result "1-0"]
[Termination "normal"]
[Board "32"]
[WhiteElo "1209"]
[BlackElo "1055"]
[PlyCount "133"]
[WhiteFideId "12985694"]
[BlackFideId "16211138"]
[EventCountry "GER"]
[EventRounds "11"]
[EventType "swiss"]
[EventDate "2015.05.23"]

1. e4 e5 2. Bc4 Nc6 3. d3 Bc5 4. Nf3 d6 5. a3 Nge7 6. h3 Be6 7. Bb3 O-O 8. c3
Qd7 9. Bc2 Rfe8 10. d4 exd4 11. cxd4 Bb6 12. d5 Bxd5 13. exd5 Ba5+ 14. b4 Nxb4
15. axb4 Bxb4+ 16. Kf1 Qb5+ 17. Kg1 Nxd5 18. Ba4 Qe2 19. Kh2 Qxd1 20. Rxd1 c6
21. Rxd5 b5 22. Rd3 bxa4 23. Rxa4 Rab8 24. Rb3 Bc5 25. Rxb8 Rxb8 26. Nbd2 Bxf2
27. Re4 d5 28. Re2 Bb6 29. Nb3 Bc7+ 30. Kg1 g6 31. Bh6 Bd6 32. Kf1 Bf8 33. Bxf8
Kxf8 34. Nfd4 c5 35. Nxc5 Rb1+ 36. Re1 Rxe1+ 37. Kxe1 a5 38. Nc6 Ke8 39. Nxa5
Ke7 40. Nab3 Kd6 41. Ke2 Ke5 42. Ke3 f5 43. g3 g5 44. Nd3+ Kf6 45. Kf3 h5 46.
Nf2 Ke5 47. Nd3+ Kf6 48. Nd4 g4+ 49. hxg4 hxg4+ 50. Kf4 Kg6 51. Nxf5 Kh5 52.
Nf2 Kg6 53. Kxg4 Kf6 54. Nd3 d4 55. Nxd4 Kg6 56. Ne5+ Kg7 57. Kh5 Kh7 58. g4
Kg7 59. g5 Kh7 60. Nf5 Kg8 61. g6 Kf8 62. Nd4 Kg8 63. Kg5 Kg7 64. Kf5 Kg8 65.
Kf6 Kf8 66. g7+ Kg8 67. Nd3 1-0

[Event "DEM U10/U10w 2015"]
[Site "Willingen GER"]
[Date "2015.05.25"]
[Round "4"]
[White "Ruppert, Jeremy"]
[Black "Röste, Hugo"]
[Result "0-1"]
[Termination "normal"]
[Board "33"]
[WhiteElo "1147"]
[BlackElo "1053"]
[PlyCount "152"]
[BlackFideId "16247604"]
[EventCountry "GER"]
[EventRounds "11"]
[EventType "swiss"]
[EventDate "2015.05.23"]

1. e4 c5 2. Nf3 d6 3. d4 cxd4 4. Nxd4 Nf6 5. Nc3 g6 6. Be3 Bg7 7. f3 O-O 8. Qd2
Nc6 9. O-O-O a6 10. h4 h5 11. Be2 d5 12. g4 dxe4 13. gxh5 Nxh5 14. fxe4 Qd7 15.
Bxh5 gxh5 16. Bh6 Ne5 17. Qg5 Qg4 18. Qxg7+ Qxg7 19. Rhg1 Qxg1 20. Rxg1+ Ng6
21. Bxf8 Kxf8 22. Nf5 Bxf5 23. exf5 Nxh4 24. Rg5 Rc8 25. Rxh5 Rc5 26. Rxh4 Rxf5
27. Ne2 Ra5 28. Nd4 e6 29. a3 Rg5 30. Nf3 Rf5 31. Nd4 Rg5 32. Kd2 Ke7 33. Ke3
Kd6 34. Kf4 Rg6 35. b4 e5+ 36. Kf5 exd4 37. Rxd4+ Kc7 38. c4 b5 39. Rh4 bxc4
40. Rh7 Rc6 41. Rxf7+ Kb6 42. Ke5 c3 43. Rf1 Kb5 44. Rc1 Ka4 45. Kd4 Kb3 46.
Kd5 Rc8 47. Kd4 Kb2 48. Rxc3 Rxc3 49. a4 Rb3 50. Kc4 Ka3 51. b5 axb5+ 52. axb5
Ka4 53. Kc5 Rxb5+ 54. Kc4 Ka5 55. Kd4 Kb6 56. Kc4 Kc6 57. Kd4 Ra5 58. Ke4 Kd6
59. Kf4 Ke6 60. Ke4 Ra4+ 61. Kd3 Ke5 62. Kc3 Rh4 63. Kd3 Rg4 64. Ke3 Rg3+ 65.
Kd2 Ke4 66. Kc2 Kd4 67. Kb2 Kc4 68. Kc1 Rg2 69. Kd1 Kc3 70. Ke1 Ra2 71. Kf1 Kd3
72. Kg1 Ke3 73. Kh1 Kf3 74. Kg1 Rb2 75. Kh1 Kg3 76. Kg1 Rb1# 0-1

[Event "DEM U10/U10w 2015"]
[Site "Willingen GER"]
[Date "2015.05.25"]
[Round "4"]
[White "Breß, Amy Charlize"]
[Black "Stillbauer, Jan"]
[Result "0-1"]
[Termination "normal"]
[Board "34"]
[WhiteElo "941"]
[BlackElo "1146"]
[PlyCount "126"]
[WhiteFideId "16233786"]
[BlackFideId "16239393"]
[EventCountry "GER"]
[EventRounds "11"]
[EventType "swiss"]
[EventDate "2015.05.23"]

1. e4 e5 2. Nf3 Nc6 3. Bc4 Nf6 4. d3 Bc5 5. Nc3 d6 6. Bg5 h6 7. Bxf6 Qxf6 8.
Nd5 Qd8 9. c3 Bg4 10. O-O Qd7 11. b4 Bb6 12. b5 Na5 13. h3 Bh5 14. Bb3 Nxb3 15.
Qxb3 Bxf3 16. gxf3 Qxh3 17. Nxb6 axb6 18. Qd1 g5 19. Re1 Rg8 20. Re3 g4 21.
fxg4 Rxg4+ 22. Rg3 Rxg3+ 23. fxg3 Qxg3+ 24. Kh1 Ke7 25. Qd2 Rh8 26. Rg1 Qh3+
27. Qh2 Qxh2+ 28. Kxh2 Kf6 29. Rf1+ Kg5 30. Rxf7 Rc8 31. Rf5+ Kg4 32. d4 exd4
33. cxd4 Re8 34. Rf7 Rxe4 35. Rxc7 Rxd4 36. Rxb7 Rd2+ 37. Kg1 Rxa2 38. Rxb6 Rd2
39. Rc6 h5 40. b6 d5 41. b7 Rb2 42. Rc7 d4 43. Rd7 Kg3 44. Rg7+ Kh3 45. Rd7 Kg3
46. Rg7+ Kf3 47. Rd7 Ke3 48. Re7+ Kd2 49. Kf1 d3 50. Rh7 Kd1 51. Rxh5 Rxb7 52.
Kf2 Re7 53. Rh1+ Kc2 54. Re1 Rxe1 55. Kxe1 d2+ 56. Ke2 d1=Q+ 57. Ke3 Qd5 58.
Kf2 Qe4 59. Kf1 Kd2 60. Kg1 Qe2 61. Kh1 Ke3 62. Kg1 Kf3 63. Kh1 Qg2# 0-1

[Event "DEM U10/U10w 2015"]
[Site "Willingen GER"]
[Date "2015.05.25"]
[Round "4"]
[White "Handschuh, Felix"]
[Black "Youness, Sali"]
[Result "1-0"]
[Termination "normal"]
[Board "35"]
[WhiteElo "1114"]
[BlackElo "897"]
[PlyCount "67"]
[WhiteFideId "12997447"]
[EventCountry "GER"]
[EventRounds "11"]
[EventType "swiss"]
[EventDate "2015.05.23"]

1. e4 e5 2. Bc4 Nf6 3. d3 Nc6 4. Nc3 Bb4 5. Bg5 h6 6. Bxf6 Qxf6 7. Nge2 Bc5 8.
O-O O-O 9. Nd5 Qg5 10. Qc1 Qg6 11. Ng3 d6 12. Nf5 Bxf5 13. exf5 Qxf5 14. Bb5
Nd4 15. Re1 c6 16. Ne7+ Kh8 17. Nxf5 cxb5 18. Nxd4 Bxd4 19. c3 Bb6 20. Qc2 Rac8
21. a3 a5 22. b4 axb4 23. axb4 d5 24. Qb2 d4 25. Qa3 dxc3 26. Qb3 c2 27. Rac1
Rc6 28. Rxc2 Rg6 29. Rec1 Kh7 30. Rc8 Rxc8 31. Rxc8 Rd6 32. Qxf7 Rxd3 33. Qf5+
g6 34. Qf7# 1-0

[Event "DEM U10/U10w 2015"]
[Site "Willingen GER"]
[Date "2015.05.25"]
[Round "4"]
[White "Joppich, Til"]
[Black "Kieckbusch, Lotta"]
[Result "1-0"]
[Termination "normal"]
[Board "36"]
[WhiteElo "1108"]
[BlackElo "749"]
[PlyCount "57"]
[WhiteFideId "16232917"]
[BlackFideId "16214390"]
[EventCountry "GER"]
[EventRounds "11"]
[EventType "swiss"]
[EventDate "2015.05.23"]

1. e4 c6 2. d4 d5 3. exd5 cxd5 4. c4 Nf6 5. Nc3 e6 6. Nf3 Bb4 7. Bd2 O-O 8.
cxd5 exd5 9. Be2 Bf5 10. O-O Nc6 11. Rc1 Qc7 12. a3 Bd6 13. Nb5 Qb8 14. Nxd6
Qxd6 15. Bb4 Qc7 16. Bxf8 Rxf8 17. Ne5 Qd6 18. f4 Nd7 19. Bd3 Bxd3 20. Qxd3 f6
21. Nxc6 bxc6 22. Qc3 Nb8 23. Qc5 Qc7 24. Rce1 Qb7 25. Re7 Qxb2 26. Qxa7 Rd8
27. Rxg7+ Kh8 28. Rxh7+ Kg8 29. Qg7# 1-0

[Event "DEM U10/U10w 2015"]
[Site "Willingen GER"]
[Date "2015.05.25"]
[Round "4"]
[White "Kalina, Lena"]
[Black "Liu, Sijia Anna"]
[Result "0-1"]
[Termination "normal"]
[Board "37"]
[WhiteElo "993"]
[BlackElo "1147"]
[PlyCount "148"]
[WhiteFideId "12988014"]
[BlackFideId "12989746"]
[EventCountry "GER"]
[EventRounds "11"]
[EventType "swiss"]
[EventDate "2015.05.23"]

1. e4 c5 2. Nf3 Nc6 3. Bb5 g6 4. d3 Qa5+ 5. Nc3 Bg7 6. Bxc6 bxc6 7. O-O e6 8.
Bd2 Qc7 9. Be3 d6 10. Re1 Ne7 11. Qd2 O-O 12. Bh6 Bd7 13. d4 cxd4 14. Nxd4 d5
15. Bxg7 Kxg7 16. exd5 cxd5 17. Nf3 Rab8 18. Qd4+ f6 19. Rab1 Nf5 20. Qd3 Rb7
21. Nd4 Nxd4 22. Qxd4 Rfb8 23. b3 Rc8 24. Re3 a5 25. a4 Rb4 26. Qd3 d4 27. Ree1
Qxc3 28. Qa6 Qxc2 29. Qxa5 Rcb8 30. Rbc1 Qxb3 31. h3 d3 32. Rcd1 Rd4 33. Qc5
Qxa4 34. Qc3 Qc4 35. Qxc4 Rxc4 36. Rxd3 Bc8 37. Ra3 Rb7 38. f3 Rc2 39. Kh2 Rcb2
40. Raa1 Kh6 41. Kg3 Kg5 42. Ra5+ R7b5 43. Raa1 Kf5 44. Rac1 Bd7 45. Rcd1 Rd5
46. Rc1 Rbd2 47. Rc4 Rd1 48. Rf4+ Kg5 49. h4+ Kh6 50. Re2 Rf5 51. Rc4 Bb5 52.
Rxe6 Bxc4 53. Rc6 Rc1 54. Rd6 Rc2 55. Rd1 Bd5 56. Re1 Re5 57. Rb1 f5 58. Rh1
Ree2 59. Rh2 Kg7 60. Kh3 Bxf3 61. gxf3 Rxh2+ 62. Kg3 Rcg2+ 63. Kf4 Rxh4+ 64.
Ke3 Rg3 65. Kf2 f4 66. Ke2 Rh2+ 67. Kd3 Rxf3+ 68. Ke4 Ra3 69. Kxf4 Rh5 70. Ke4
Ra4+ 71. Kd3 Rh3+ 72. Kc2 Ra2+ 73. Kb1 Rg2 74. Kc1 Rh1# 0-1

[Event "DEM U10/U10w 2015"]
[Site "Willingen GER"]
[Date "2015.05.25"]
[Round "4"]
[White "Straub, Benno"]
[Black "Heutling, Elina"]
[Result "1/2-1/2"]
[Termination "normal"]
[Board "38"]
[WhiteElo "1022"]
[BlackElo "1140"]
[PlyCount "63"]
[WhiteFideId "16255488"]
[BlackFideId "16244729"]
[EventCountry "GER"]
[EventRounds "11"]
[EventType "swiss"]
[EventDate "2015.05.23"]

1. e4 e5 2. f4 exf4 3. Nf3 Nf6 4. Nc3 Nc6 5. a3 d5 6. e5 d4 7. Ne2 Ng4 8. Nxf4
Ngxe5 9. Qe2 f6 10. c3 Bc5 11. b4 Bb6 12. c4 O-O 13. c5 Re8 14. Kf2 Ng4+ 15.
Kg1 Rxe2 16. Bxe2 g5 17. Bc4+ Kh8 18. Nh5 Nge5 19. Bb3 Nxf3+ 20. gxf3 d3 21.
Bb2 Nd4 22. Kf2 h6 23. Rae1 Kh7 24. Bxd4 Qxd4+ 25. Kg2 Kg6 26. Re7 Bf5 27. Bf7+
Kh7 28. Rhe1 Qh4 29. Bb3+ Kh8 30. Re8+ Rxe8 31. Rxe8+ Kh7 32. Re7+ 1/2-1/2

[Event "DEM U10/U10w 2015"]
[Site "Willingen GER"]
[Date "2015.05.25"]
[Round "4"]
[White "Adelhardt, Lisa"]
[Black "Orlova, Alicia"]
[Result "0-1"]
[Termination "normal"]
[Board "39"]
[WhiteElo "897"]
[BlackElo "1110"]
[PlyCount "110"]
[WhiteFideId "16235380"]
[BlackFideId "34154563"]
[EventCountry "GER"]
[EventRounds "11"]
[EventType "swiss"]
[EventDate "2015.05.23"]

1. e4 e5 2. Nf3 Nc6 3. Bc4 Bc5 4. O-O d6 5. h3 Nf6 6. Nc3 O-O 7. d3 h6 8. Be3
Bb6 9. a3 Be6 10. Nd5 Bxd5 11. exd5 Ne7 12. Bxb6 axb6 13. d4 e4 14. Nh2 Nfxd5
15. Re1 Nf6 16. Qe2 d5 17. Bb3 c6 18. f3 Nf5 19. fxe4 Nxd4 20. Qe3 Nxb3 21.
Qxb3 Nxe4 22. Rad1 Nc5 23. Qc3 Qc7 24. b4 Na4 25. Qb3 b5 26. Rd4 Qb6 27. c3
Rfe8 28. Rxe8+ Rxe8 29. Nf3 Re3 30. Kf1 Rxc3 31. Qa2 Rxf3+ 32. gxf3 Qxd4 33.
Qe2 Qa1+ 34. Kf2 Qb2 35. f4 Qxe2+ 36. Kxe2 f5 37. Kd3 Kf7 38. Ke3 g5 39. fxg5
hxg5 40. Kf3 d4 41. Ke2 g4 42. hxg4 fxg4 43. Kf2 d3 44. Ke1 g3 45. Kd2 g2 46.
Kxd3 g1=Q 47. Ke4 Qd1 48. Ke5 Qd3 49. Kf4 Qe2 50. Kf5 Qe3 51. Kg4 Qf2 52. Kg5
Qf3 53. Kh4 Qg2 54. Kh5 Qg3 55. Kh6 Qg6# 0-1

[Event "DEM U10/U10w 2015"]
[Site "Willingen GER"]
[Date "2015.05.25"]
[Round "4"]
[White "Klühs, Isabel"]
[Black "Wiemann, Vanessa"]
[Result "0-1"]
[Termination "normal"]
[Board "41"]
[WhiteElo "901"]
[BlackElo "1229"]
[PlyCount "96"]
[WhiteFideId "16228944"]
[BlackFideId "12942987"]
[EventCountry "GER"]
[EventRounds "11"]
[EventType "swiss"]
[EventDate "2015.05.23"]

1. e4 e5 2. Nf3 Nc6 3. Bc4 Bc5 4. c3 Nf6 5. d3 h6 6. b4 Bb6 7. O-O O-O 8. a4 a5
9. b5 Ne7 10. Nxe5 d6 11. Nf3 Bg4 12. Nbd2 Ng6 13. Ba3 Re8 14. Re1 Qc8 15. d4
Rb8 16. Qc2 Be6 17. Bxe6 Qxe6 18. c4 Rbd8 19. e5 dxe5 20. dxe5 Ng4 21. Bb2
Bxf2+ 22. Kf1 Bxe1 23. Rxe1 Qb6 24. Ne4 Ne3+ 25. Rxe3 Qxe3 26. Bc1 Qd3+ 27.
Qxd3 Rxd3 28. Ke2 Rdd8 29. Be3 Nxe5 30. Nxe5 Rxe5 31. Kf3 Rde8 32. Ng3 Rxe3+
33. Kg4 Rc3 34. Kh3 Rxc4 35. Nh5 Re3+ 36. g3 g6 37. Nf4 Rxf4 38. Kg2 Rxa4 39.
Kh3 Kg7 40. Kg2 Kf6 41. Kh3 Kg5 42. b6 cxb6 43. Kg2 Kg4 44. h3+ Kg5 45. h4+ Kg4
46. Kf2 Rb3 47. Ke1 Rb2 48. Kd1 Ra1# 0-1

[Event "DEM U10/U10w 2015"]
[Site "Willingen GER"]
[Date "2015.05.25"]
[Round "4"]
[White "Gossing, Marie-Sophie"]
[Black "Gehle, Joshua"]
[Result "0-1"]
[Termination "normal"]
[Board "42"]
[WhiteElo "762"]
[BlackElo "948"]
[PlyCount "54"]
[WhiteFideId "16217284"]
[BlackFideId "16273753"]
[EventCountry "GER"]
[EventRounds "11"]
[EventType "swiss"]
[EventDate "2015.05.23"]

1. e4 e5 2. Nf3 Nc6 3. Nc3 Nf6 4. Bc4 Bc5 5. d3 d6 6. h3 Be6 7. Bxe6 fxe6 8.
Bg5 O-O 9. Qd2 d5 10. Nh4 Qd7 11. Nxd5 exd5 12. Nf5 dxe4 13. Nh6+ gxh6 14. Bxh6
Rfd8 15. O-O exd3 16. c3 Ne4 17. Qd1 Qf7 18. Qg4+ Qg6 19. Qh4 Be7 20. Qg4 Qxg4
21. hxg4 d2 22. f3 Bc5+ 23. Kh2 Rd6 24. fxe4 Rxh6+ 25. Kg3 Rf8 26. Rxf8+ Kxf8
27. g5 Rd6 0-1